Estudios histórico-legales acerca de los derechos de los Reyes de España, sobre los bienes comprendidos bajo la denominación del Real Patrimonio / (Record no. 159989)

MARC details
000 -LEADER
campo de control de longitud fija 00780nam a2200145 i 4500
001 - NÚMERO DE CONTROL
campo de control 159989
003 - IDENTIFICADOR DE NÚMERO DE CONTROL
campo de control ES-MaACL
005 - FECHA Y HORA DE LA ÚLTIMA TRANSACCIÓN
campo de control 20230906211914.0
008 - DATOS DE LONGITUD FIJA--INFORMACIÓN GENERAL
campo de control de longitud fija 940202s1855 sp |||| | spa d
100 1# - ENTRADA PRINCIPAL--NOMBRE DE PERSONA
Nombre de persona Monreal, José María.
9 (RLIN) 82266
245 10 - MENCIÓN DEL TÍTULO
Título Estudios histórico-legales acerca de los derechos de los Reyes de España, sobre los bienes comprendidos bajo la denominación del Real Patrimonio /
Mención de responsabilidad, etc. por Jose Mª Monreal.
260 ## - PUBLICACIÓN, DISTRIBUCIÓN, ETC.
Lugar de publicación, distribución, etc. Madrid :
Nombre del editor, distribuidor, etc. [s.n.],
Fecha de publicación, distribución, etc. 1855 (
Fabricante por Aguado)
300 ## - DESCRIPCIÓN FÍSICA
Extensión 86 p. ;
Dimensiones 28 cm.
852 ## - LOCALIZACIÓN
Ubicación ES-MaACL
Número de control de estantería T-919-F-7
Nota libre - Enc. hol. conservando cub. original
-- . - Sello de la Real Biblioteca, Cambio-Duplicado
-- - Enc. en un vol. facticio
Encuadernación -- Edic.: Corregir en tit.: "Estudios ... Reyes de España comprendidos bajo la denominacion de Real Patrimonio ..."
Holdings
Estatus retirado Estado de pérdida Estado de daño No para préstamo Colección Biblioteca de origen Biblioteca actual Ubicación en estantería Fecha de adquisición Total de préstamos Signatura topográfica completa Código de barras Visto por última vez Precio de reemplazo Tipo de ítem Koha
        Colección de folletos Biblioteca del Ateneo de Madrid Biblioteca del Ateneo de Madrid Depósito folletos 17/01/2008   T-919-F-7 1167493 23/02/2023 23/02/2023 Folleto